1103 1494 1298 1005 1385 1468 1895 1297 1634 1896 1743 1061 1462 1776 1008 1948 1388 1277 1380 1902 1851 1961 1886 1481 1704 1049 1557 1201 1290 1841 1335 1412 1231 1410 1973 1376 1682 1568 1595 1087 1425 1745 1247 1001 1925 1838 1631 1984 1940 1473 1707 1735 1186 1957 1352 1080 1180 1761 1772 1967 1604 1957 1053 1096 1335 1905 1418 1430 1943 1386 1429 1072 1292 1037 1595 1762 1808 1434 1659 1854 1098 1035 1398 1121 1851 1635 1975 1890 1541 1331 1931 1335 1811 1599 1298 1464 1211 1914 1964 BCNSPRNW ULIB Ver.6.0+V

เปลี่ยนเป็นภาษาไทย

Change to English
 แสดงรายละเอียดบรรณานุกรม
  กลับหน้าหลัก

Brief Record : Get Marc (ISO 2709) : E-mail record : QR code < ปิดหน้าต่าง
LEADER : 00000nam 2200000uu 4500
001    13399111765
003     ULIB
008    110627s2552||||th 000 0 tha d
020    9786167081007
090    นว.^bป545พ 2552
100 0  ปาณัฐ
245 00 เพลิงรักเงาหัวใจ/^cปาณัฐ
250    พิมพ์ครั้งที่ 1
260    นนทบุรี :^bสมาร์ทบุ๊ค,^c2552
300    456 หน้า
945    ^p280^l0^i028071
995    ทศพร
999 ^a ใช้งานได้ทุกระบบ
รายการนี้ยังไม่มีแท็ก
คุณยังไม่ได้ล็อกอิน คุณสามารถมีกิจกรรมร่วมกับเว็บไซต์ได้ แต่ต้องล็อกอินก่อน ::
  ล็อกอิน

รายการสื่อสารสนเทศ

ลำดับที่ ประเภท เลขเรียก/บาร์โค้ด สถานที่ สถานะ
1. นวนิยาย
นวนิยาย
นว. ป545พ 2552 ฉ.1 
  Barcode: 028071
ห้องสมุดวิทยาเขตสวรรค์ประชารักษ์
►นวนิยาย
บนชั้น
  ขอยืม

BibComment


ยังไม่เคยถูกคอมเมนท์

คอมเมนท์ทรัพยากรรายการนี้
  คอมเมนท์: เพลิงรักเงาหัวใจ ..


 Copyright 2026. Bcnsprnw @Library